[Event "Lansing (MI Am/4)"]
[Site "?"]
[Date "1993.??.??"]
[Round "?"]
[White "Armstead, Curt"]
[Black "Jointer, William"]
[Result "1-0"]
[WhiteElo "1895"]
[BlackElo "1720"]
[PlyCount "153"]
[EventDate "1993.??.??"]

1. d4 Nf6 2. c4 g6 3. Nc3 Bg7 4. e4 d6 5. f3 O-O 6. Be3 e5 7. d5 Ne8 8. Qd2 f5
9. Nge2 b6 10. Nc1 a5 11. Be2 f4 12. Bf2 g5 13. Nd3 Na6 14. O-O-O Nc5 15. Kb1
a4 16. Nb4 Bb7 17. Qc2 Ra5 18. Rhe1 Qa8 19. Bg1 Nf6 20. Bxc5 bxc5 21. Nd3 Ba6
22. Nf2 Rb8 23. Nb5 Bb7 24. Nxc7 Qa7 25. Nb5 Qb6 26. Rd2 a3 27. b3 Nd7 28. Nd1
Rc8 29. Ndc3 Nb8 30. Na4 Qd8 31. Nxa3 Na6 32. Nb5 Nb4 33. Qc3 Bf8 34. a3 Na6
35. Bd1 Ra8 36. b4 cxb4 37. axb4 Rxb5 38. cxb5 Rc8 39. Qb3 Nc7 40. Be2 Ne8 41.
Rc2 Rb8 42. Rec1 h6 43. b6 Nf6 44. Ra2 Nd7 45. Nc3 Nxb6 46. Nb5 Bc8 47. Ra7 Bd7
48. Na3 Nc8 49. Rac7 Qe8 50. b5 Be7 51. Qb4 Bd8 52. Rxc8 Bxc8 53. Qxd6 Rb6 54.
Qc5 Rb8 55. Bc4 Bb6 56. Qc6 Bd7 57. d6+ Kg7 58. Qd5 Kf6 59. Ka2 Be3 60. Rc2 Bb6
61. Qd3 Bc5 62. Qd5 Bd4 63. Kb3 Rb6 64. Kb4 Rb8 65. Bb3 Be3 66. Rc7 Bb6 67. Rb7
Rxb7 68. Qxb7 Be3 69. Nc4 Qe6 70. Qc7 Qe8 71. Nb6 Bd2+ 72. Ka3 Bxb5 73. d7 Bc1+
74. Ka2 Bxd7 75. Nxd7+ Kg6 76. Qd6+ Kg7 77. Qf6+ 1-0

[Event "East Lansing (May)"]
[Site "?"]
[Date "1993.??.??"]
[Round "?"]
[White "Arganian, David H"]
[Black "Wysocki, Marc"]
[Result "1-0"]
[WhiteElo "1855"]
[BlackElo "1750"]
[PlyCount "41"]
[EventDate "1993.??.??"]

1. e4 e5 2. Nf3 f5 3. d4 fxe4 4. Nxe5 Nf6 5. Nc3 d6 6. Bg5 dxe5 7. dxe5 Qxd1+
8. Rxd1 Nfd7 9. Nd5 h6 10. Nxc7+ Kf7 11. Bf4 Nb6 12. Nxa8 Nxa8 13. e6+ Kxe6 14.
Bxb8 Nb6 15. Bxa7 Nd5 16. Bc4 Bd6 17. Bxd5+ Ke7 18. Bxe4 b5 19. O-O Bg4 20. f3
Be6 21. Rfe1 1-0

[Event "East Lansing (May)"]
[Site "?"]
[Date "1993.??.??"]
[Round "?"]
[White "Arganian, David H"]
[Black "Horton, Deon"]
[Result "1-0"]
[WhiteElo "1855"]
[BlackElo "1715"]
[PlyCount "91"]
[EventDate "1993.??.??"]

1. e4 c5 2. d4 cxd4 3. c3 Nf6 4. e5 Nd5 5. Qxd4 e6 6. g3 Nc6 7. Qe4 g6 8. Nf3
Bg7 9. c4 Nde7 10. Bg2 d5 11. exd6 Qxd6 12. O-O O-O 13. Nc3 f5 14. Qe2 e5 15.
Rd1 Qb4 16. Nd5 Nxd5 17. cxd5 Nd4 18. Nxd4 exd4 19. a3 Qb6 20. Bf4 Bd7 21. Rac1
Rfe8 22. Qd2 Ba4 23. b3 Qxb3 24. Rb1 Qxa3 25. Ra1 Qc3 26. Qxc3 dxc3 27. Rxa4 c2
28. Rc1 Rac8 29. Ra2 a5 30. d6 Rc5 31. Raxc2 Rxc2 32. Rxc2 Re1+ 33. Bf1 Rd1 34.
Kg2 a4 35. Bb5 a3 36. d7 Bb2 37. Bc4+ Kf8 38. Bh6+ Ke7 39. Rd2 Rxd2 40. Bxd2
Kxd7 41. Kf3 Kd6 42. Ke3 b5 43. Bb3 Kc5 44. Kd3 b4 45. f4 Kb5 46. Be3 1-0

[Event "East Lansing (MI Op/6/10)"]
[Site "?"]
[Date "1993.??.??"]
[Round "?"]
[White "Arganian, David G"]
[Black "Stigter, J."]
[Result "1-0"]
[WhiteElo "2050"]
[BlackElo "2000"]
[PlyCount "85"]
[EventDate "1993.??.??"]

{6/(10)} 1. e4 e5 2. Nf3 Nf6 3. Nxe5 d6 4. Nf3 Nxe4 5. d4 d5 6. Bd3 Nc6 7. O-O
Be7 8. c4 Nb4 9. Be2 dxc4 10. Bxc4 Bf5 11. Ne5 O-O 12. Nc3 Nd6 13. Bb3 c6 14.
a3 Na6 15. Qf3 Nc7 16. Be3 Bg6 17. d5 cxd5 18. Nxg6 hxg6 19. Nxd5 Ne6 20. Rfd1
Qe8 21. Rac1 Nf5 22. Nxe7+ Qxe7 23. Qe4 Nxe3 24. Qxe3 Qf6 25. h3 Rfe8 26. Qc3
Qg5 27. Rd5 Qh4 28. Rd7 b6 29. Qf3 Qf6 30. Qxf6 gxf6 31. Bd5 Rac8 32. Rxc8 Rxc8
33. Bxe6 Rc1+ 34. Kh2 fxe6 35. Rxa7 Rc2 36. b4 Rxf2 37. a4 e5 38. Rb7 e4 39.
Rxb6 Kf7 40. Kg1 Rf5 41. Rb5 Rxb5 42. axb5 Ke7 43. g4 1-0

[Event "East Lansing (MI Op/2/1)"]
[Site "?"]
[Date "1993.??.??"]
[Round "?"]
[White "Arganian, David G"]
[Black "Finegold, Ben"]
[Result "0-1"]
[WhiteElo "2050"]
[BlackElo "2615"]
[PlyCount "110"]
[EventDate "1993.??.??"]

{2/(1)} 1. e4 c5 2. Nf3 Nc6 3. d4 cxd4 4. Nxd4 Nf6 5. Nc3 d6 6. Bg5 e6 7. Qd2
Be7 8. O-O-O O-O 9. Nb3 Qb6 10. f3 Rd8 11. Be3 Qc7 12. Nb5 Qb8 13. Qf2 d5 14.
exd5 Nxd5 15. Bc5 Bg5+ 16. Kb1 a6 17. c4 axb5 18. cxd5 exd5 19. Bxb5 d4 20.
Nxd4 Nxd4 21. Bxd4 Be6 22. b3 Qf4 23. g3 Qf5+ 24. Bd3 Qa5 25. Bb6 Qa3 26. Bxd8
Bxb3 27. Bxg5 Bxa2+ 28. Kc2 Qb4 29. Be4 Bb3+ 30. Kd3 Bc4+ 31. Ke3 Qc5+ 32. Rd4
Qxg5+ 33. f4 Ra3+ 34. Rd3 Rxd3+ 35. Bxd3 Qc5+ 36. Kf3 Bd5+ 37. Ke2 Qxf2+ 38.
Kxf2 Bxh1 39. Ke3 b6 40. Kd4 f6 41. g4 h6 42. h4 Kf7 43. g5 Ke6 44. gxh6 gxh6
45. Bc4+ Kf5 46. Ke3 Kg4 47. h5 Kxh5 48. Be2+ Kg6 49. Bg4 Bc6 50. Kd4 h5 51.
Bh3 h4 52. Kc4 Kf7 53. Kd4 Ke7 54. Ke3 Kd6 55. Kd4 Bd7 0-1

[Event "East Lansing (MOR/4/51)"]
[Site "?"]
[Date "1993.??.??"]
[Round "?"]
[White "Arenson, Kevin"]
[Black "Simmons, P."]
[Result "1-0"]
[WhiteElo "1605"]
[BlackElo "1605"]
[PlyCount "87"]
[EventDate "1993.??.??"]

{4/(51)} 1. e4 d5 2. Nc3 d4 3. Nb1 e5 4. Nf3 Nc6 5. Bb5 Bd6 6. c3 dxc3 7. Nxc3
Bg4 8. h3 Bh5 9. O-O Qd7 10. Nd5 a6 11. Bxc6 Qxc6 12. d4 Nf6 13. dxe5 Bxe5 14.
Nxe5 Bxd1 15. Nxc6 bxc6 16. Nxc7+ Ke7 17. Nxa8 Be2 18. Re1 Bb5 19. Nc7 Bd3 20.
e5 Ne4 21. Re3 Bc2 22. Nxa6 Rd8 23. Re1 Rd5 24. Nb4 Rc5 25. Re2 Ke6 26. Rxc2
Rxe5 27. Nd3 Rf5 28. f3 Ng3 29. Bf4 Nh5 30. Re1+ Kd7 31. g4 Ra5 32. gxh5 Rxh5
33. Ne5+ Kc7 34. Nxf7+ Kb6 35. a4 Rf5 36. Be3+ Kc7 37. Ne5 Rh5 38. Kg2 Kd6 39.
Nxc6 Rh4 40. Rd1+ Ke6 41. f4 Kf5 42. a5 Rh6 43. a6 Rf6 44. Rd8 1-0

[Event "East Lansing (MOR/2/48)"]
[Site "?"]
[Date "1993.??.??"]
[Round "?"]
[White "Arenson, Kevin"]
[Black "Piasecki, Vince"]
[Result "0-1"]
[WhiteElo "1605"]
[BlackElo "1605"]
[PlyCount "74"]
[EventDate "1993.??.??"]

{2/(48)} 1. e4 c5 2. Nc3 Nc6 3. Nf3 d6 4. Bb5 Bd7 5. d3 e6 6. O-O g6 7. d4 cxd4
8. Nxd4 Bg7 9. Nxc6 bxc6 10. Ba4 d5 11. Re1 Ne7 12. Bb3 O-O 13. e5 a5 14. Bg5
c5 15. Nxd5 exd5 16. Bxd5 Rb8 17. Bxf7+ Rxf7 18. e6 Bxe6 19. Qxd8+ Rxd8 20.
Rxe6 Rd7 21. Rae1 Nf5 22. c3 Rb7 23. Rd1 Rxb2 24. g4 h6 25. Rxg6 hxg5 26. gxf5
Rxf5 27. Rd7 Rf7 28. Rd8+ Rf8 29. Rd5 Rfxf2 30. Rdxg5 Rf7 31. h4 Kh7 32. Rg4
Bxc3 33. R6g5 Bd4+ 34. Kh1 Rf1+ 35. Rg1 Rxg1+ 36. Rxg1 Bxg1 37. Kxg1 c4 0-1

[Event "East Lansing (MOR/6/46)"]
[Site "?"]
[Date "1993.??.??"]
[Round "?"]
[White "Arenson, Kevin"]
[Black "DeVoll, J."]
[Result "0-1"]
[WhiteElo "1605"]
[BlackElo "1605"]
[PlyCount "74"]
[EventDate "1993.??.??"]

{6/(46)} 1. e4 e5 2. Nf3 Nf6 3. Nc3 Bb4 4. a3 Ba5 5. d4 exd4 6. Nxd4 Nxe4 7. b4
Bb6 8. Nxe4 Qe7 9. f3 d5 10. Qd3 dxe4 11. fxe4 O-O 12. Bb2 Rd8 13. O-O-O Nc6
14. Nxc6 Qg5+ 15. Kb1 Rxd3 16. Rxd3 bxc6 17. h4 Qe7 18. g3 Bg4 19. Bh3 Bxh3 20.
Rxh3 Qxe4 21. Rh2 h5 22. Rhd2 Kh7 23. Rd7 a5 24. b5 cxb5 25. Rxf7 Rg8 26. Rdd7
c5 27. Rxg7+ Rxg7 28. Rxg7+ Kh6 29. Rd7 Qc6 30. Bc1+ Kg6 31. Re7 b4 32. a4 c4
33. c3 b3 34. Kb2 Bc5 35. Bg5 Qg2+ 36. Kb1 Qc2+ 37. Ka1 Qa2# 0-1

[Event "Gaylord (NMO/4/3)"]
[Site "?"]
[Date "1993.??.??"]
[Round "?"]
[White "Andrews, Steve"]
[Black "Vaka, Flamur"]
[Result "1/2-1/2"]
[WhiteElo "2235"]
[BlackElo "1710"]
[PlyCount "105"]
[EventDate "1993.??.??"]

{4/(3)} 1. d4 d5 2. c4 c6 3. g3 Nf6 4. Bg2 Bf5 5. Nf3 e6 6. Nc3 Nbd7 7. O-O Be7
8. Nh4 Bg6 9. Nxg6 hxg6 10. b3 Ng4 11. h3 Nh6 12. e4 dxe4 13. Nxe4 Nf6 14. Nc3
Nf5 15. Ne2 Qb6 16. Bb2 O-O 17. Qc2 Rad8 18. Rfd1 c5 19. d5 exd5 20. cxd5 Bd6
21. Rd2 Rfe8 22. Rad1 Rd7 23. Bf3 Rde7 24. Kg2 Qc7 25. Qd3 a6 26. a4 Qb6 27. h4
Nh6 28. Qc4 Qc7 29. Rc2 Rc8 30. Bc1 Qd7 31. Bg5 Ree8 32. Nc3 Nhg4 33. Bf4 Ne5
34. Bxe5 Rxe5 35. b4 cxb4 36. Qb3 bxc3 37. Rxc3 Rxc3 38. Qxc3 Re8 39. Rb1 Rb8
40. a5 Qf5 41. Rd1 Rc8 42. Qb3 Qd7 43. Rb1 Qd8 44. Qd3 Rb8 45. Qb3 Qxa5 46. Qc4
Qc5 47. Qa2 Be5 48. Re1 Bd4 49. Rd1 Rd8 50. Qd2 Be5 51. Qe2 Bc7 52. Qa2 Bb6 53.
Rd2 1/2-1/2

[Event "Gaylord (NMO/5/3)"]
[Site "?"]
[Date "1993.??.??"]
[Round "?"]
[White "Andrews, Steve"]
[Black "Motiejunas, A."]
[Result "1-0"]
[WhiteElo "2235"]
[BlackElo "1825"]
[PlyCount "85"]
[EventDate "1993.??.??"]

{5/(3)} 1. d4 d5 2. c4 c6 3. Nf3 Bf5 4. Nc3 e6 5. Qb3 Qb6 6. c5 Qxb3 7. axb3
Bc2 8. b4 Na6 9. b5 Nb4 10. Bf4 Nf6 11. h3 Be7 12. Kd2 cxb5 13. e3 O-O 14. Bxb5
a6 15. Be2 Rac8 16. Rhc1 Be4 17. Ra4 Nc6 18. b4 Rfd8 19. Ke1 Nd7 20. Nxe4 dxe4
21. Nd2 f5 22. Bc4 Nf8 23. Rb1 g5 24. Bh2 f4 25. Nxe4 Nxd4 26. exd4 Rxd4 27.
Nd2 Rcd8 28. Ra2 Kg7 29. f3 e5 30. Bg1 R4d7 31. Ne4 Ng6 32. Bf2 h6 33. Rd2 Rxd2
34. Nxd2 Nh4 35. Bxh4 gxh4 36. Rb3 a5 37. bxa5 Bxc5 38. Rxb7+ Kg6 39. Bf7+ Kg7
40. Bh5+ Kg8 41. Ne4 Be3 42. Nf6+ Kf8 43. Rf7# 1-0

[Event "Eastpointe (MI Action/2/4)"]
[Site "?"]
[Date "1993.??.??"]
[Round "?"]
[White "Andrews, Steve"]
[Black "Levadi, David"]
[Result "1-0"]
[WhiteElo "2220"]
[BlackElo "1930"]
[PlyCount "33"]
[EventDate "1993.??.??"]

{2/(4)} 1. d4 Nf6 2. c4 d5 3. Nf3 c5 4. g3 cxd4 5. Bg2 dxc4 6. Qa4+ Bd7 7. Qxc4
Nc6 8. Nxd4 Rc8 9. O-O e5 10. Nxc6 Bxc6 11. Bxc6+ Rxc6 12. Qb5 Qc7 13. Bg5 Be7
14. Nc3 O-O 15. Bxf6 Bxf6 16. Nd5 Qe7 17. Nxe7+ 1-0

[Event "East Lansing (MI Op/3/6)"]
[Site "?"]
[Date "1993.??.??"]
[Round "?"]
[White "Andrews, Steve"]
[Black "Jirjis, Faris"]
[Result "1/2-1/2"]
[WhiteElo "2265"]
[BlackElo "2130"]
[PlyCount "104"]
[EventDate "1993.??.??"]

{3/(6)} 1. d4 d5 2. Nf3 c6 3. g3 Nf6 4. Bg2 Bf5 5. O-O e6 6. c4 Bd6 7. Nc3 Ne4
8. Nd2 Nxc3 9. bxc3 Qa5 10. Qb3 Qb6 11. cxd5 exd5 12. e4 Qxb3 13. axb3 dxe4 14.
Nxe4 Bxe4 15. Bxe4 O-O 16. Re1 Nd7 17. Bd2 Rfe8 18. Bf5 Rxe1+ 19. Bxe1 Nf6 20.
Bd2 a6 21. c4 Re8 22. Re1 Rxe1+ 23. Bxe1 b6 24. b4 Bc7 25. c5 a5 26. cxb6 Bxb6
27. bxa5 Bxd4 28. Kf1 Kf8 29. Ke2 g6 30. Bh3 Ke7 31. Kd3 Ba7 32. a6 Kd6 33.
Bb4+ c5 34. Ba5 Nd5 35. Kc4 f5 36. Bg2 Nc7 37. Bb7 Kd7 38. f4 Kd6 39. h4 Ne6
40. Bd5 Nd4 41. Bg8 h6 42. Bh7 Ne2 43. Be1 Kc6 44. Bxg6 Nd4 45. Bf2 Kb6 46.
Bxd4 cxd4 47. Kxd4 Kxa6+ 48. Ke5 Bf2 49. Kxf5 Bxg3 50. Kg4 Bh2 51. f5 Be5 52.
Kf3 Kb6 1/2-1/2

[Event "East Lansing (MI Op/7/2)"]
[Site "?"]
[Date "1993.??.??"]
[Round "?"]
[White "Andrews, Steve"]
[Black "Finegold, Ben"]
[Result "0-1"]
[WhiteElo "2265"]
[BlackElo "2615"]
[PlyCount "70"]
[EventDate "1993.??.??"]

{7/(2)} 1. d4 d5 2. Nf3 Nf6 3. g3 c6 4. Bg2 Bg4 5. O-O e6 6. Nbd2 Nbd7 7. Re1
Be7 8. e4 O-O 9. c3 c5 10. e5 Ne8 11. Qb3 Rb8 12. a4 Qa5 13. Qa3 Qd8 14. Qb3
Nc7 15. a5 b5 16. axb6 Rxb6 17. Qc2 a6 18. Nf1 Qb8 19. dxc5 Bf5 20. Qe2 Nxc5
21. Nd4 Bg6 22. Rd1 Nb5 23. Nxb5 axb5 24. Be3 Qxe5 25. f4 Qb8 26. Bf2 Rb7 27.
Nd2 Rc8 28. Nf3 b4 29. Ne5 bxc3 30. bxc3 Rb2 31. Qe1 Bc2 32. c4 Bxd1 33. Rxd1
dxc4 34. Nc6 Rxc6 35. Bxc6 Nd3 0-1

[Event "Eastpointe (MI Action/4/1)"]
[Site "?"]
[Date "1993.??.??"]
[Round "?"]
[White "Andrews, Steve"]
[Black "Finegold, Ben"]
[Result "0-1"]
[WhiteElo "2220"]
[BlackElo "2595"]
[PlyCount "116"]
[EventDate "1993.??.??"]

{4/(1)} 1. Nf3 Nf6 2. c4 c6 3. g3 d5 4. b3 Bg4 5. Bg2 e6 6. O-O Nbd7 7. Bb2 Bd6
8. d3 O-O 9. Nbd2 Qe7 10. Rc1 e5 11. h3 Bh5 12. Qc2 Rfe8 13. e4 dxe4 14. Nxe4
Nxe4 15. dxe4 Bxf3 16. Bxf3 a5 17. Rcd1 Bc5 18. Rd3 Nf8 19. Rfd1 Qg5 20. Kg2
Qg6 21. Qe2 Qf6 22. a4 g6 23. Bc3 h5 24. h4 Ne6 25. Rd7 Bd4 26. Bxd4 Nxd4 27.
Qe3 Re7 28. Rxe7 Qxe7 29. Be2 c5 30. Rd3 Ra6 31. Bf1 Kg7 32. Be2 Rf6 33. Bd1
Rd6 34. Qd2 Qd8 35. Be2 Qb6 36. Bd1 Qc6 37. f3 Qb6 38. Qg5 f6 39. Qd2 Qd8 40.
Be2 Qa8 41. f4 Qe8 42. Bd1 Rb6 43. Qe3 Rd6 44. Qf2 Qc6 45. fxe5 fxe5 46. Qe3
Rf6 47. Rd2 Qd7 48. Rf2 Rxf2+ 49. Qxf2 Ne6 50. Qe2 Qd4 51. Bc2 Qb2 52. Bd1 Qa1
53. Qd2 Qd4 54. Qxd4 cxd4 55. Kf2 Kf7 56. Ke2 Ke7 57. Kd2 Kd6 58. Kc2 Kc5 0-1

[Event "Eastpointe (MI Action/6/7)"]
[Site "?"]
[Date "1993.??.??"]
[Round "?"]
[White "Andrews, Steve"]
[Black "Bezrutch, B."]
[Result "1-0"]
[WhiteElo "2220"]
[BlackElo "1605"]
[PlyCount "99"]
[EventDate "1993.??.??"]

{6/(7)} 1. d4 d5 2. c4 dxc4 3. Nf3 Nf6 4. g3 Nc6 5. Bg2 e6 6. O-O Be7 7. Qa4
O-O 8. Qxc4 Qd5 9. Qxd5 exd5 10. Bf4 Ne8 11. Nc3 Be6 12. Nb5 Bd6 13. Nxd6 Nxd6
14. Bxd6 cxd6 15. e3 Bf5 16. Ng5 h6 17. Nh3 Be4 18. f3 Bf5 19. Nf4 Ne7 20. Rac1
Rac8 21. Rfd1 Rc6 22. Ne2 Rfc8 23. Kf2 Rc2 24. Ke1 Bd7 25. Rxc2 Rxc2 26. Rd2
Rxd2 27. Kxd2 f5 28. f4 Kf7 29. Nc3 Bc6 30. b4 a6 31. a4 b5 32. axb5 axb5 33.
Bf1 g5 34. Nxb5 Ke6 35. Nc3 g4 36. Ba6 Ba8 37. Na4 Kd7 38. b5 Nc8 39. Bxc8+
Kxc8 40. Nb6+ Kb8 41. Nxa8 Kxa8 42. Kc3 Ka7 43. Kb4 Kb6 44. Ka4 Kb7 45. Ka5 Ka7
46. b6+ Kb8 47. Ka6 Ka8 48. b7+ Kb8 49. Kb6 h5 50. Kc6 1-0

[Event "East Lansing (MI Op/1a/3)"]
[Site "?"]
[Date "1993.??.??"]
[Round "?"]
[White "Andrews, Steve"]
[Black "Bauerle, Paul"]
[Result "1-0"]
[WhiteElo "2265"]
[BlackElo "1940"]
[PlyCount "49"]
[EventDate "1993.??.??"]

1. d4 Nf6 2. Nf3 d6 3. Bf4 Bf5 4. e3 Nbd7 5. Be2 g6 6. h3 h5 7. c4 c6 8. Nc3
Qa5 9. Qd2 Ne4 10. Nxe4 Bxe4 11. O-O Nf6 12. Rfe1 Bg7 13. Rad1 O-O 14. Nh4 c5
15. d5 Qb4 16. f3 Bf5 17. Nxf5 gxf5 18. Bd3 e5 19. dxe6 fxe6 20. Qxb4 cxb4 21.
Bxd6 Rf7 22. Bxb4 h4 23. Bc3 Bf8 24. Bf1 Rc8 25. a3 1-0

[Event "East Lansing (MI Op/5/4)"]
[Site "?"]
[Date "1993.??.??"]
[Round "?"]
[White "Andrews, Steve"]
[Black "Bailey, Greg"]
[Result "1-0"]
[WhiteElo "2265"]
[BlackElo "2000"]
[PlyCount "81"]
[EventDate "1993.??.??"]

{5/(4)} 1. d4 Nf6 2. Nf3 d6 3. Bf4 Nbd7 4. c4 g6 5. Nc3 Bg7 6. h3 O-O 7. e3 c5
8. Bh2 Qa5 9. Qd2 cxd4 10. Nxd4 Nc5 11. Rc1 Bd7 12. Be2 Na4 13. Bf3 Nxc3 14.
bxc3 Rac8 15. Nb3 Qa6 16. Be2 Ne4 17. Qb2 Bxc3+ 18. Rxc3 Nxc3 19. Qxc3 Qxa2 20.
Nc1 Qa4 21. Bf4 f6 22. Qb2 b5 23. O-O bxc4 24. Bh6 c3 25. Qb7 Rf7 26. e4 a5 27.
Nb3 Qc6 28. Qxc6 Rxc6 29. Nxa5 Rc8 30. Rc1 g5 31. Nc4 Be6 32. Nb6 Rb8 33. Nd5
Bxd5 34. exd5 Rc8 35. Bg4 f5 36. Bh5 Rf6 37. Bxg5 Rff8 38. Bxe7 f4 39. Bxf8
Kxf8 40. Kf1 Rc5 41. Bf3 1-0

[Event "Eastpointe (EDO/5/3)"]
[Site "?"]
[Date "1993.??.??"]
[Round "?"]
[White "Andrews, R."]
[Black "Mazuchowski, Tom"]
[Result "1/2-1/2"]
[WhiteElo "2230"]
[BlackElo "2135"]
[PlyCount "84"]
[EventDate "1993.??.??"]

{5/(3)} 1. e4 c5 2. c3 d6 3. g3 Nf6 4. Bg2 g6 5. d4 cxd4 6. cxd4 Bg7 7. Ne2 O-O
8. O-O Nc6 9. Nbc3 Ng4 10. h3 Nh6 11. f4 f5 12. Qb3+ e6 13. e5 d5 14. Be3 Kh8
15. Kh2 Ne7 16. Ng1 Nf7 17. Nf3 h6 18. Rac1 Rg8 19. Nb5 Nc6 20. h4 Bf8 21. Qd1
Be7 22. Rh1 Bd7 23. Qe2 Rg7 24. Kg1 a6 25. Nc3 b5 26. Nxd5 exd5 27. e6 Nd6 28.
exd7 Qxd7 29. Ne5 Nxe5 30. Bxd5 Ng4 31. Bxa8 Bf6 32. Bf3 Nxe3 33. Qxe3 Nc4 34.
Rxc4 bxc4 35. d5 Bxb2 36. Rh2 c3 37. Qe5 Kh7 38. d6 Ba3 39. Qxc3 Qxd6 40. Rd2
Qb6+ 41. Kg2 Bb4 42. Rb2 Bxc3 1/2-1/2

[Event "Eastpointe (EDO/4/1)"]
[Site "?"]
[Date "1993.??.??"]
[Round "?"]
[White "Andrews, R."]
[Black "Jirjis, Faris"]
[Result "0-1"]
[WhiteElo "2230"]
[BlackElo "2130"]
[PlyCount "94"]
[EventDate "1993.??.??"]

{4/(1)} 1. e4 e5 2. Nf3 Nf6 3. Nxe5 d6 4. Nf3 Nxe4 5. d4 d5 6. Bd3 Bd6 7. h3
O-O 8. O-O Nd7 9. c4 c6 10. Bxe4 dxe4 11. Ng5 Nf6 12. Nc3 Re8 13. Re1 Bf5 14.
f3 exf3 15. Nxf3 Rxe1+ 16. Qxe1 Qc7 17. Be3 Re8 18. Qd2 Bb4 19. Bf4 Qa5 20. Be5
Ne4 21. Qf4 Bxc3 22. bxc3 Bg6 23. Nh4 Nxc3 24. Qd2 f6 25. Nxg6 hxg6 26. Rc1
fxe5 27. Rxc3 exd4 28. Qxd4 Qxa2 29. Rf3 Qb1+ 30. Kh2 Qe4 31. Qxa7 Qxc4 32.
Qxb7 Qe6 33. Qb6 Qd6+ 34. g3 Qd5 35. Rf2 Re1 36. Rg2 Qd1 37. Qb8+ Kh7 38. Rf2
Rh1+ 39. Kg2 Qg1+ 40. Kf3 Rxh3 41. Kg4 Rh5 42. Qd6 Qh1 43. Rf4 Qh3+ 44. Kf3
Qf1+ 45. Ke3 Qe1+ 46. Kf3 Qc3+ 47. Kg4 Rg5+ 0-1

[Event "Eastpointe (EDO/2/1)"]
[Site "?"]
[Date "1993.??.??"]
[Round "?"]
[White "Andrews, R."]
[Black "Jackson, J."]
[Result "1-0"]
[WhiteElo "2230"]
[BlackElo "1835"]
[PlyCount "73"]
[EventDate "1993.??.??"]

{2/(1)} 1. e4 c5 2. Nf3 d6 3. c3 Nf6 4. d3 Nc6 5. Be2 g6 6. O-O Bg7 7. d4 cxd4
8. cxd4 O-O 9. Nc3 Bd7 10. d5 Nb8 11. Be3 Bg4 12. h3 Bxf3 13. Bxf3 Nbd7 14. Rc1
a6 15. a4 Rc8 16. Bd4 Ne5 17. Be2 Nc4 18. b3 Nb6 19. a5 Nbd7 20. b4 Ne8 21.
Bxg7 Kxg7 22. Qd4+ Nef6 23. f4 Kg8 24. e5 dxe5 25. fxe5 Ne8 26. Ne4 Ng7 27. g4
Nb8 28. Qd2 Nd7 29. Qh6 f6 30. d6 Nxe5 31. Rxc8 Qxc8 32. dxe7 Rf7 33. Nxf6+
Rxf6 34. Rxf6 Nf7 35. Qf4 g5 36. Qf1 Qe8 37. Rxf7 1-0

[Event "Troy (TCC/M/4/4)"]
[Site "?"]
[Date "1993.??.??"]
[Round "?"]
[White "Andrews, R."]
[Black "Feldman, Steve"]
[Result "1-0"]
[WhiteElo "2230"]
[BlackElo "2315"]
[PlyCount "79"]
[EventDate "1993.??.??"]

{4/(4)} 1. d4 Nf6 2. c4 c5 3. d5 d6 4. Nc3 g6 5. e4 Bg7 6. Be2 O-O 7. Bg5 h6 8.
Be3 a6 9. Nf3 Bg4 10. Nd2 Bxe2 11. Qxe2 Nbd7 12. O-O Qc7 13. a4 Rfe8 14. f4 e6
15. Qf3 exd5 16. cxd5 Re7 17. Nc4 Nb6 18. Nxb6 Qxb6 19. Rab1 Rae8 20. e5 dxe5
21. b4 e4 22. Qd1 Nd7 23. d6 Re6 24. bxc5 Qc6 25. Nd5 Nxc5 26. Rb6 Qc8 27. Nc7
Nd3 28. Nxe8 Rxe8 29. Qb3 Nc5 30. Qd5 Nd7 31. Rxb7 Qc3 32. Rb3 Nf6 33. Rxc3
Nxd5 34. d7 Rd8 35. Rc8 Bf6 36. Bc5 Kg7 37. Rxd8 Bxd8 38. Rd1 Nc3 39. Bd4+ Bf6
40. Bxf6+ 1-0

[Event "Troy (TCC/M/2/4)"]
[Site "?"]
[Date "1993.??.??"]
[Round "?"]
[White "Andrews, R."]
[Black "Brooks, John"]
[Result "1-0"]
[WhiteElo "2230"]
[BlackElo "2275"]
[PlyCount "99"]
[EventDate "1993.??.??"]

{2/(4)} 1. d4 Nf6 2. c4 e6 3. Nf3 Bb4+ 4. Bd2 Be7 5. Nc3 d5 6. cxd5 exd5 7. Qc2
c5 8. g3 cxd4 9. Nxd4 Nc6 10. Nxc6 bxc6 11. Bg2 Bg4 12. O-O d4 13. Ne4 O-O 14.
Bg5 Rc8 15. Rac1 Nd5 16. Bxe7 Qxe7 17. Rfe1 Bf5 18. Qc5 Rfe8 19. Nd6 d3 20.
Nxf5 Qxc5 21. Rxc5 d2 22. Rd1 Rxe2 23. Bf3 Re1+ 24. Kg2 Rd8 25. Rxc6 Rxd1 26.
Bxd1 Nb4 27. Rd6 Rxd6 28. Nxd6 Nxa2 29. Nc4 Nc1 30. Nxd2 Nd3 31. b3 Kf8 32. Kf3
Ke7 33. Ke3 Nb4 34. Kd4 Kd6 35. Ne4+ Kc6 36. Ng5 f6 37. Ne6 g5 38. Nf8 h6 39.
Ne6 Kd6 40. Ng7 Nc6+ 41. Ke4 Kc5 42. Nf5 Kb4 43. Nxh6 Na5 44. Nf5 Nxb3 45. Bxb3
Kxb3 46. Kd3 a5 47. h4 gxh4 48. gxh4 a4 49. Nd4+ Kb2 50. Nc2 1-0

[Event "Troy (TCC/DEU/2/11)"]
[Site "?"]
[Date "1993.??.??"]
[Round "?"]
[White "Anderson, N."]
[Black "Kocela, M."]
[Result "0-1"]
[WhiteElo "1605"]
[BlackElo "1605"]
[PlyCount "56"]
[EventDate "1993.??.??"]

{2/(11)} 1. e4 e5 2. Nf3 Nc6 3. Bc4 h6 4. O-O Bc5 5. c3 d6 6. a3 a6 7. b4 Ba7
8. b5 Nce7 9. bxa6 bxa6 10. Qb3 Bd7 11. Bxf7+ Kf8 12. Bh5 g6 13. d4 gxh5 14.
dxe5 Rb8 15. Qc4 Bb5 16. Qe6 Bxf1 17. Kxf1 Nc6 18. Qf5+ Kg7 19. Qxh5 dxe5 20.
Nbd2 Nf6 21. Qh4 Qd3+ 22. Kg1 Qxc3 23. Qg3+ Kh7 24. Bb2 Rxb2 25. Rf1 Nd4 26.
Qh3 Nxf3+ 27. Nxf3 Bxf2+ 28. Kh1 Kg7 0-1

[Event "Troy (TCC/DEU/4/13)"]
[Site "?"]
[Date "1993.??.??"]
[Round "?"]
[White "Anderson, N."]
[Black "Hartwig, Thomas"]
[Result "1-0"]
[WhiteElo "1605"]
[BlackElo "1605"]
[PlyCount "85"]
[EventDate "1993.??.??"]

{4/(13)} 1. e4 c5 2. Nf3 d6 3. Bc4 Nf6 4. d3 e6 5. a3 d5 6. exd5 exd5 7. Ba2
Be7 8. O-O O-O 9. Bg5 Be6 10. c3 Nbd7 11. Re1 h6 12. Bh4 Nh5 13. Bxe7 Qxe7 14.
Bxd5 Nf4 15. c4 Nxd5 16. cxd5 Qf6 17. dxe6 Qxb2 18. Nbd2 Nf6 19. exf7+ Rxf7 20.
Qb3 Qxb3 21. Nxb3 b6 22. Re6 Re8 23. Rae1 Kf8 24. Nh4 Rxe6 25. Rxe6 Re7 26.
Ng6+ Kf7 27. Rxe7+ Kxg6 28. Rxa7 Nd5 29. Ra6 Kf5 30. g3 Kf6 31. Nxc5 Ke5 32.
Nd7+ Kd4 33. Nxb6 Nxb6 34. Rxb6 Kxd3 35. a4 Ke2 36. a5 Kf3 37. a6 g5 38. a7 Kg4
39. a8=Q Kh3 40. Qg2+ Kg4 41. h3+ Kh5 42. g4+ Kh4 43. Qg3# 1-0

[Event "East Lansing (MI Op/1b/13)"]
[Site "?"]
[Date "1993.??.??"]
[Round "?"]
[White "Anderson, James A"]
[Black "Vandivier, Don"]
[Result "1/2-1/2"]
[WhiteElo "1835"]
[BlackElo "2065"]
[PlyCount "58"]
[EventDate "1993.??.??"]

1. e4 c5 2. Nf3 d6 3. d4 cxd4 4. Nxd4 Nf6 5. Nc3 a6 6. Be2 g6 7. Be3 Bg7 8. Qd2
Nc6 9. O-O Qc7 10. Nd5 Nxd5 11. exd5 Ne5 12. Bh6 O-O 13. Bxg7 Kxg7 14. b3 b5
15. a4 bxa4 16. Rxa4 Bb7 17. Qa5 Rfc8 18. Rfa1 Qc3 19. Qxc3 Rxc3 20. Ra5 Nd7
21. Bxa6 Bxa6 22. Rxa6 Rxa6 23. Rxa6 Nf6 24. Ra5 Rc5 25. Rxc5 dxc5 26. Nc6 Nxd5
27. c4 Nc3 28. Nxe7 Ne4 29. Nd5 Nd2 1/2-1/2

[Event "Flint (Beg/3)"]
[Site "?"]
[Date "1993.??.??"]
[Round "?"]
[White "Anderson, JE."]
[Black "Young, O."]
[Result "0-1"]
[WhiteElo "1605"]
[BlackElo "1605"]
[PlyCount "41"]
[EventDate "1993.??.??"]

1. e4 d5 2. Nc3 Nf6 3. e5 Ne4 4. Nxe4 dxe4 5. f3 Nc6 6. f4 e6 7. g3 Qd5 8. d3
exd3 9. Qf3 Nb4 10. Qxd5 exd5 11. Bxd3 c5 12. Bb5+ Bd7 13. Bxd7+ Kxd7 14. Bd2
Nxc2+ 15. Kd1 Nxa1 16. Kc1 c4 17. Kb1 c3 18. Bxc3 f6 19. Kxa1 Rc8 20. Ne2 fxe5
21. fxe5 0-1

[Event "Flint (Beg/1)"]
[Site "?"]
[Date "1993.??.??"]
[Round "?"]
[White "Anderson, JE."]
[Black "Smith, George"]
[Result "0-1"]
[WhiteElo "1605"]
[BlackElo "1605"]
[PlyCount "56"]
[EventDate "1993.??.??"]

1. d4 d5 2. c4 c5 3. Nc3 e6 4. e4 Nf6 5. e5 Ne4 6. Qd3 Nxc3 7. Qxc3 dxc4 8.
dxc5 Bxc5 9. Qxc4 b6 10. Qg4 g6 11. Bg5 Qd5 12. Rd1 Qxe5+ 13. Be2 Nc6 14. Nf3
Qxb2 15. O-O Qxe2 16. Kh1 e5 17. Rd2 Qxf1+ 18. Ng1 Bxg4 19. Bf6 Bh3 20. gxh3
Bb4 21. Rd5 Rg8 22. Bxe5 Qxf2 23. h4 Nxe5 24. Nh3 Qf3+ 25. Kg1 Qxd5 26. Nf4
Bc5+ 27. Kf1 Qf3+ 28. Ke1 Bb4# 0-1